000 00307nam a2200109Ia 4500
005 20251222154403.0
008 251222s9999||||xx |||||||||||||| ||spa||
082 _a342.042/F43O
100 _a"Ferrand Inurritegui, AlfredoSalazar Larrain, Arturo"
245 0 _aLa otra década perdida: 1979-1989
942 _cLIB
999 _c35380
_d35380